| 000 | 00458nam a22001697a 4500 | ||
|---|---|---|---|
| 003 | BD-ChCU | ||
| 005 | 20260408095357.0 | ||
| 008 | 260408b bg ||||| |||| 00| 0 ben d | ||
| 040 | _cBD-ChCU | ||
| 082 | _a511 THA | ||
| 100 |
_aThompson, J. E. _921341 |
||
| 245 |
_aArithmetic for the practical man.// _cJ. E. Thompson. |
||
| 260 |
_aNew York. _bVan Nostrand Reinhol. _c1946 |
||
| 300 | _axiv, 266p | ||
| 650 | 0 |
_aArithmetic. _921351 |
|
| 942 |
_2ddc _cBK _n0 |
||
| 999 |
_c112137 _d112137 |
||